000 005360000a22001810004500
003 MACL
005 20160212164759.0
008 160212b xxu||||| |||| 00| 0 eng d
040 _aMACL
_cMACL
041 _aHindi
082 _a320
100 _aगुरूशरया
_938058
245 _aजननी जन्‍मभूमि
260 _bसाहित्‍य संगम प्रकाशन
_c1963
_aग्‍वालियर
350 _a1.25
650 _aPolitical Science
_938059
942 _cHIN
_k320
_2ddc
999 _c25393
_d25393